| 000 | 00524cam a22002052 4500 | ||
|---|---|---|---|
| 001 | 0000009019 | ||
| 003 | OSt | ||
| 005 | 20140825164344.0 | ||
| 008 | 061211s1961 xx 000 0 eng d | ||
| 040 |
_aPUL _cPUL |
||
| 050 |
_aBX8333.G55 _bS5 1961 |
||
| 100 | 1 | _aGoff, Charles Ray. | |
| 245 | 1 | 0 | _aShelters and sanctuaries. |
| 260 |
_aNew York : _bAbingdon Press, _c[1961] |
||
| 300 |
_a128 p. ; _c20 cm. |
||
| 650 | 0 |
_aMethodist Church _xSermons. |
|
| 650 | 0 | _aSermons, American. | |
| 908 | _a061211 | ||
| 942 |
_2lcc _cBK |
||
| 999 |
_c8582 _d8582 |
||